<?xml version="1.0" encoding="UTF-8"?>
<record
    xmlns:xsi="http://www.w3.org/2001/XMLSchema-instance"
    xsi:schemaLocation="http://www.loc.gov/MARC21/slim http://www.loc.gov/standards/marcxml/schema/MARC21slim.xsd"
    xmlns="http://www.loc.gov/MARC21/slim">

  <leader>00337nam a2200145Ia 4500</leader>
  <controlfield tag="008">191201s2010    xx            000 0 und d</controlfield>
  <datafield tag="082" ind1=" " ind2=" ">
    <subfield code="a">658</subfield>
    <subfield code="b">AGP</subfield>
  </datafield>
  <datafield tag="100" ind1=" " ind2=" ">
    <subfield code="a">AGARWAL, PK</subfield>
  </datafield>
  <datafield tag="245" ind1=" " ind2="0">
    <subfield code="a">Principles and Practice of Management</subfield>
  </datafield>
  <datafield tag="250" ind1=" " ind2=" ">
    <subfield code="a">Rev</subfield>
  </datafield>
  <datafield tag="260" ind1=" " ind2=" ">
    <subfield code="a">N. Delhi</subfield>
    <subfield code="b">Excel Books</subfield>
    <subfield code="c">2010</subfield>
  </datafield>
  <datafield tag="300" ind1=" " ind2=" ">
    <subfield code="a">450</subfield>
  </datafield>
  <datafield tag="650" ind1=" " ind2=" ">
    <subfield code="a">BBA</subfield>
  </datafield>
  <datafield tag="942" ind1=" " ind2=" ">
    <subfield code="2">ddc</subfield>
    <subfield code="c">BK</subfield>
  </datafield>
  <datafield tag="999" ind1=" " ind2=" ">
    <subfield code="c">48</subfield>
    <subfield code="d">48</subfield>
  </datafield>
  <datafield tag="952" ind1=" " ind2=" ">
    <subfield code="0">0</subfield>
    <subfield code="1">0</subfield>
    <subfield code="2">ddc</subfield>
    <subfield code="4">0</subfield>
    <subfield code="7">0</subfield>
    <subfield code="8">BBA</subfield>
    <subfield code="a">PIET</subfield>
    <subfield code="b">PIET</subfield>
    <subfield code="d">2014-02-24</subfield>
    <subfield code="e">Donated by Parul Gupta MBA</subfield>
    <subfield code="k">Donated by Parul Gupta MBA</subfield>
    <subfield code="l">0</subfield>
    <subfield code="o">658 AGP</subfield>
    <subfield code="p">22997</subfield>
    <subfield code="r">2019-12-04 00:00:00</subfield>
    <subfield code="w">2014-02-21</subfield>
    <subfield code="y">BK</subfield>
    <subfield code="z">Donated by Parul Gupta MBA</subfield>
  </datafield>
  <datafield tag="952" ind1=" " ind2=" ">
    <subfield code="0">0</subfield>
    <subfield code="1">0</subfield>
    <subfield code="2">ddc</subfield>
    <subfield code="4">0</subfield>
    <subfield code="7">0</subfield>
    <subfield code="8">MBA</subfield>
    <subfield code="a">PIET</subfield>
    <subfield code="b">PIET</subfield>
    <subfield code="d">2010-01-21</subfield>
    <subfield code="e">J B C, New Delhi</subfield>
    <subfield code="g">200.00</subfield>
    <subfield code="k">SI-4225</subfield>
    <subfield code="l">2</subfield>
    <subfield code="o">658 AGP</subfield>
    <subfield code="p">14590</subfield>
    <subfield code="r">2023-11-25 00:00:00</subfield>
    <subfield code="s">2022-01-22</subfield>
    <subfield code="w">2010-01-18</subfield>
    <subfield code="y">BK</subfield>
    <subfield code="z">.</subfield>
  </datafield>
  <datafield tag="952" ind1=" " ind2=" ">
    <subfield code="0">0</subfield>
    <subfield code="1">0</subfield>
    <subfield code="2">ddc</subfield>
    <subfield code="4">0</subfield>
    <subfield code="7">0</subfield>
    <subfield code="8">MBA</subfield>
    <subfield code="a">PIET</subfield>
    <subfield code="b">PIET</subfield>
    <subfield code="d">2010-01-21</subfield>
    <subfield code="e">J B C, New Delhi</subfield>
    <subfield code="g">200.00</subfield>
    <subfield code="k">SI-4225</subfield>
    <subfield code="l">0</subfield>
    <subfield code="o">658 AGP</subfield>
    <subfield code="p">14591</subfield>
    <subfield code="r">2019-12-04 00:00:00</subfield>
    <subfield code="w">2010-01-18</subfield>
    <subfield code="y">BK</subfield>
  </datafield>
  <datafield tag="952" ind1=" " ind2=" ">
    <subfield code="0">0</subfield>
    <subfield code="1">0</subfield>
    <subfield code="2">ddc</subfield>
    <subfield code="4">0</subfield>
    <subfield code="7">0</subfield>
    <subfield code="8">MBA</subfield>
    <subfield code="a">PIET</subfield>
    <subfield code="b">PIET</subfield>
    <subfield code="d">2010-01-21</subfield>
    <subfield code="e">J B C, New Delhi</subfield>
    <subfield code="g">200.00</subfield>
    <subfield code="k">SI-4225</subfield>
    <subfield code="l">0</subfield>
    <subfield code="o">658 AGP</subfield>
    <subfield code="p">14592</subfield>
    <subfield code="r">2019-12-04 00:00:00</subfield>
    <subfield code="w">2010-01-18</subfield>
    <subfield code="y">BK</subfield>
  </datafield>
  <datafield tag="952" ind1=" " ind2=" ">
    <subfield code="0">0</subfield>
    <subfield code="1">0</subfield>
    <subfield code="2">ddc</subfield>
    <subfield code="4">0</subfield>
    <subfield code="7">0</subfield>
    <subfield code="8">MBA</subfield>
    <subfield code="a">PIET</subfield>
    <subfield code="b">PIET</subfield>
    <subfield code="d">2010-01-21</subfield>
    <subfield code="e">J B C, New Delhi</subfield>
    <subfield code="g">200.00</subfield>
    <subfield code="k">SI-4225</subfield>
    <subfield code="l">0</subfield>
    <subfield code="o">658 AGP</subfield>
    <subfield code="p">14593</subfield>
    <subfield code="r">2019-12-04 00:00:00</subfield>
    <subfield code="w">2010-01-18</subfield>
    <subfield code="y">BK</subfield>
  </datafield>
  <datafield tag="952" ind1=" " ind2=" ">
    <subfield code="0">0</subfield>
    <subfield code="1">0</subfield>
    <subfield code="2">ddc</subfield>
    <subfield code="4">0</subfield>
    <subfield code="7">0</subfield>
    <subfield code="8">MBA</subfield>
    <subfield code="a">PIET</subfield>
    <subfield code="b">PIET</subfield>
    <subfield code="d">2010-01-21</subfield>
    <subfield code="e">J B C, New Delhi</subfield>
    <subfield code="g">200.00</subfield>
    <subfield code="k">SI-4225</subfield>
    <subfield code="l">0</subfield>
    <subfield code="o">658 AGP</subfield>
    <subfield code="p">14594</subfield>
    <subfield code="r">2019-12-04 00:00:00</subfield>
    <subfield code="w">2010-01-18</subfield>
    <subfield code="y">BK</subfield>
  </datafield>
  <datafield tag="952" ind1=" " ind2=" ">
    <subfield code="0">0</subfield>
    <subfield code="1">0</subfield>
    <subfield code="2">ddc</subfield>
    <subfield code="4">0</subfield>
    <subfield code="7">0</subfield>
    <subfield code="8">MBA</subfield>
    <subfield code="a">PIET</subfield>
    <subfield code="b">PIET</subfield>
    <subfield code="d">2010-01-21</subfield>
    <subfield code="e">J B C, New Delhi</subfield>
    <subfield code="g">200.00</subfield>
    <subfield code="k">SI-4225</subfield>
    <subfield code="l">0</subfield>
    <subfield code="o">658 AGP</subfield>
    <subfield code="p">14595</subfield>
    <subfield code="r">2019-12-04 00:00:00</subfield>
    <subfield code="w">2010-01-18</subfield>
    <subfield code="y">BK</subfield>
  </datafield>
  <datafield tag="952" ind1=" " ind2=" ">
    <subfield code="0">0</subfield>
    <subfield code="1">0</subfield>
    <subfield code="2">ddc</subfield>
    <subfield code="4">0</subfield>
    <subfield code="7">0</subfield>
    <subfield code="8">MBA</subfield>
    <subfield code="a">PIET</subfield>
    <subfield code="b">PIET</subfield>
    <subfield code="d">2010-01-21</subfield>
    <subfield code="e">J B C, New Delhi</subfield>
    <subfield code="g">200.00</subfield>
    <subfield code="k">SI-4225</subfield>
    <subfield code="l">1</subfield>
    <subfield code="o">658 AGP</subfield>
    <subfield code="p">14596</subfield>
    <subfield code="r">2025-01-15 00:00:00</subfield>
    <subfield code="s">2024-07-02</subfield>
    <subfield code="w">2010-01-18</subfield>
    <subfield code="y">BK</subfield>
  </datafield>
  <datafield tag="952" ind1=" " ind2=" ">
    <subfield code="0">0</subfield>
    <subfield code="1">0</subfield>
    <subfield code="2">ddc</subfield>
    <subfield code="4">0</subfield>
    <subfield code="7">0</subfield>
    <subfield code="8">MBA</subfield>
    <subfield code="a">PIET</subfield>
    <subfield code="b">PIET</subfield>
    <subfield code="d">2010-01-21</subfield>
    <subfield code="e">J B C, New Delhi</subfield>
    <subfield code="g">200.00</subfield>
    <subfield code="k">SI-4225</subfield>
    <subfield code="l">0</subfield>
    <subfield code="o">658 AGP</subfield>
    <subfield code="p">14597</subfield>
    <subfield code="r">2019-12-04 00:00:00</subfield>
    <subfield code="w">2010-01-18</subfield>
    <subfield code="y">BK</subfield>
  </datafield>
  <datafield tag="952" ind1=" " ind2=" ">
    <subfield code="0">0</subfield>
    <subfield code="1">0</subfield>
    <subfield code="2">ddc</subfield>
    <subfield code="4">0</subfield>
    <subfield code="7">0</subfield>
    <subfield code="8">MBA</subfield>
    <subfield code="a">PIET</subfield>
    <subfield code="b">PIET</subfield>
    <subfield code="d">2010-01-21</subfield>
    <subfield code="e">J B C, New Delhi</subfield>
    <subfield code="g">200.00</subfield>
    <subfield code="k">SI-4225</subfield>
    <subfield code="l">0</subfield>
    <subfield code="o">658 AGP</subfield>
    <subfield code="p">14598</subfield>
    <subfield code="r">2019-12-04 00:00:00</subfield>
    <subfield code="w">2010-01-18</subfield>
    <subfield code="y">BK</subfield>
  </datafield>
  <datafield tag="952" ind1=" " ind2=" ">
    <subfield code="0">0</subfield>
    <subfield code="1">0</subfield>
    <subfield code="2">ddc</subfield>
    <subfield code="4">0</subfield>
    <subfield code="7">0</subfield>
    <subfield code="8">MBA</subfield>
    <subfield code="a">PIET</subfield>
    <subfield code="b">PIET</subfield>
    <subfield code="d">2010-01-21</subfield>
    <subfield code="e">J B C, New Delhi</subfield>
    <subfield code="g">200.00</subfield>
    <subfield code="k">SI-4225</subfield>
    <subfield code="l">0</subfield>
    <subfield code="o">658 AGP</subfield>
    <subfield code="p">14599</subfield>
    <subfield code="r">2019-12-04 00:00:00</subfield>
    <subfield code="w">2010-01-18</subfield>
    <subfield code="y">BK</subfield>
  </datafield>
</record>
